000 002700000a22001330004500
003 MACL
040 _aMACL
090 _c36385
_d36383
100 _aGullick, J M
245 _aMalaya
260 _bErnest Benn Limited
_c1963
650 _aHistory
942 _cBOOK
_k954/Gul
999 _c35992
_d35992